Retaling Management/ (Record no. 192553)

MARC details
000 -LEADER
fixed length control field 00741nam a22002177a 4500
005 - DATE AND TIME OF LATEST TRANSACTION
control field 20220927105240.0
010 ## - LCCN (DPL NO)
LC control number B-745699
020 ## - INTERNATIONAL STANDARD BOOK NUMBER
International Standard Book Number 9780070264373
Terms of availability 499.00
037 ## - SOURCE OF ACQUISITION
Source of stock number/acquisition Tata McGraw-Hill Publishing Company Limited
082 ## - DEWEY DECIMAL CLASSIFICATION NUMBER
Classification number 658.87
100 ## - MAIN ENTRY--PERSONAL NAME
Personal name Levy, Michael
245 ## - TITLE STATEMENT
Title Retaling Management/
Statement of responsibility, etc Michael Leay
250 ## - EDITION STATEMENT
Edition statement 6th
260 ## - PUBLICATION, DISTRIBUTION, ETC. (IMPRINT)
Place of publication, distribution, etc New Delhi
Name of publisher, distributor, etc Tata McGraw-Hill Publishing Company Limited
Date of publication, distribution, etc 2010
270 ## - ADDRESS
Address 7 West Patel Nagar,
City New Delhi
Postal code 110008
300 ## - PHYSICAL DESCRIPTION
Extent xxxiii, 776p.
Other physical details ill.
Dimensions 25cm(pbk)
700 ## - ADDED ENTRY--PERSONAL NAME
Personal name Weitz, A. Barton
700 ## - ADDED ENTRY--PERSONAL NAME
Personal name Pandit, Ajay
942 ## - ADDED ENTRY ELEMENTS (KOHA)
Source of classification or shelving scheme Dewey Decimal Classification
Item type English Books
Call number suffix LEV
Classification part 658.87
Holdings
Withdrawn status Lost status Not for loan Collection code Home library Current library Date acquired Source of acquisition Cost, normal purchase price Full call number Barcode Copy number Cost, replacement price Koha item type Public note
      Non-fiction Kadipur Kadipur 27/09/2022 22.9.22/Gift 499.00 658.87 LEV B-745699 1 499.00 English Books Gift

© Delhi Public Library
Hit Counter
free hit counter